000 01319nam a2200349 i 4500
003 DO-SdBNP
005 20240415093214.0
007 ta
008 240414b2009 br ||||| |||| 00| 0 eng d
020 _a9878576051992
040 _aDO-SdBNP
_bspa
_cBNPHU
_erda
041 _apor
_heng
082 4 _a519.02462
_bW218p
_22008
100 1 _aWalpole, Ronald E.,
_e autor
_985231
240 _aProbability and statistics for engineers and scientists
_lEspañol
245 1 0 _aProbabilidade & estatística para engenharia e ciências /
_b
_cRonald E. Walpole, Raymond H. Myers, Sharon L. Myers ; traducción, Luciane F. Pauleti Vianna.
246 _aProbabilidade e estatística para engenharia e ciências
250 _aOctava edición
264 4 _aSão Paulo :
_bPearson Prentice Hall,
_c2009.
300 _axxiii, 508 páginas
336 _atexto
_22 rdacontent
_btxt
337 _asin mediación
_bn
_2 rdamedia
338 _avolumen
_2 rdacarrier
_bnc
504 _aBibliografia
650 _a Ingeniería
_x Métodos estadísticos
_947201
650 _aProbabilidades
_985236
700 1 _aMyers, Raymond H.,
_eautor
_985232
700 1 _aMyers, Sharon L.,
_d1944-
_e autor
_985233
700 1 _a Ye, Keying,
_eautor
_985234
700 1 _aVianna, Luciane F. Pauleti
_etraductor
_985235
942 _2ddc
_cLBS1
999 _c56390
_d56390